ARRUPE JESUIT UNIVERSITY

CORONAVIRUS -STOP THE SPREAD - CLEAN,DISINFECT,COVER
Normal view MARC view

Entry Personal Name

Number of records used in: 2

001 - CONTROL NUMBER

  • control field: 4030

003 - CONTROL NUMBER IDENTIFIER

  • control field: ARRUPE

005 - DATE AND TIME OF LATEST TRANSACTION

  • control field: 20131126165744.0

008 - FIXED-LENGTH DATA ELEMENTS

  • fixed length control field: 131126|| aca||aabn | a|a d

040 ## - CATALOGING SOURCE

  • Original cataloging agency: ARRUPE
  • Transcribing agency: ARRUPE

100 ## - HEADING--PERSONAL NAME

  • Personal name: Clare,
  • Titles and other words associated with a name: of Assisi, Saint,
  • Dates associated with a name: 1194-1253.

670 ## - SOURCE DATA FOUND

  • Source citation: Work cat.: (ARRUPE)0: Bodo, Murray. 4027, A retreat with Francis and Clare of Assisi :, [c1996]

 

Arrupe Library. PO Box MP320 Mt Pleasant, Harare, Zimbabwe
263 242 745411|librarian@aju.ac.zw